• Casini C., Aletti L., Frigerio L., Maggioni A., Vignali M., Zeeb, D'Elicio G., Micioni G., Campana A., Anzani G.,

di Personal Name

Records bibliografici associati: 1

001 - CONTROL NUMBER

  • control field: 59587

003 - CONTROL NUMBER IDENTIFIER

  • control field:

005 - DATE AND TIME OF LATEST TRANSACTION

  • control field: 20230306124654.0

008 - FIXED-LENGTH DATA ELEMENTS

  • fixed length control field: 230306|| aca||aabn | a|a d

040 ## - CATALOGING SOURCE

  • Original cataloging agency:
  • Transcribing agency:

100 ## - HEADING--PERSONAL NAME

  • Personal name: Casini C., Aletti L., Frigerio L., Maggioni A., Vignali M., Zeeb, D'Elicio G., Micioni G., Campana A., Anzani G.,
  • Personal name: Tettamanzi D., Nicora A., Migliori F., Clementi F., Ciccone L., Parodi E., Schooyans M

670 ## - SOURCE DATA FOUND

  • Source citation: Work cat.: ()214498: Stella Federico (et al.) 59586, Bioetica e diritto. , 1985
CREDITS: SOCIETA' SAN PAOLO Via A.Severo, 58 - ROMA (RM) & PERIODICI SAN PAOLO SRL Via Giotto, 36 MILANO & CISF Via Giotto, 36 MILANO & EDIZIONI SAN PAOLO SRL,  Piazza Soncino, 5 CINISELLO BALSAMO (MI) -- ITALY